Score 0/15 Timer 02:00
0 Plays Today
Clue 4-Letter Word % Correct
___-a-booPEEK
95.7%
A place for tools and rakesSHED
95.3%
Flower starterSEED
89.9%
Do this and perhaps ye shall findSEEK
88.8%
A privilege or gain in addition to salaryPERK
80.7%
MLB team that played at [Rung 1] Stadium and [Rung 15] FieldMETS
77.4%
This stadium was home to [Rung 10] from 1964 to 2009SHEA
72.3%
A French fatherPÈRE
66.6%
Clue 4-Letter Word % Correct
Exacta and trifecta, e.g.BETS
59.4%
Being nothing more thanMERE
58.5%
Dole, usually with 'out'METE
55.8%
There are 8,388,608 in a megBITS
54.5%
Medium-sized tubular pastaZITI
54.2%
This field has been home to [Rung 10] since 2009CITI
52.7%
Comic featuring Jeremy Duncan and Hector GarciaZITS
45%

Today's Daily Dose

Remove Ads.
Support Sporcle.
Get the best of Sporcle when you Go Orange. This ad-free experience offers more features, more stats, and more fun while also helping to support Sporcle. Thank you for becoming a member.

You're not logged in!

Compare scores with friends on all Sporcle quizzes.
OR
Log In

Show Comments

Extras

Top Quizzes Today


Score Distribution

Your Account Isn't Verified!

In order to create a playlist on Sporcle, you need to verify the email address you used during registration. Go to your Sporcle Settings to finish the process.

Report this User

Report this user for behavior that violates our Community Guidelines.

Details: